| 000 | 02034cam a2200481 a 4500 | ||
|---|---|---|---|
| 001 | 303062272 | ||
| 003 | OCoLC | ||
| 005 | 20171023150412.0 | ||
| 008 | 090305s2010 nyua j b 001 0 eng | ||
| 010 | _a2009007411 | ||
| 020 |
_a9781433924446 _qhardback |
||
| 020 |
_a1433924447 _qhardback |
||
| 020 |
_a9781433925023 _qpaperback |
||
| 020 |
_a1433925028 _qpaperback |
||
| 035 | _a(OCoLC)303062272 | ||
| 037 |
_a1303262 _bQBI |
||
| 040 |
_aDLC _beng _cDLC _dQBX |
||
| 041 | 1 |
_aeng _aspa _heng |
|
| 042 | _alcac | ||
| 050 | 0 | 0 |
_aQL737.U55 _bM25318 2010 |
| 082 | 0 | 0 |
_a599.65/42 _222 |
| 100 | 1 |
_aMacken, JoAnn Early, _d1953- _0http://id.loc.gov/authorities/names/n96091925. |
|
| 240 | 1 | 0 |
_aElk. _lSpanish & English. |
| 245 | 1 | 0 |
_aUapities = _bElk / _cby JoAnn Early Macken ; reading consultant, Jeanne Clidas ; [translators, Tatiana Acosta and Guillermo Gutirerez]. |
| 246 | 3 | 1 | _aElk |
| 260 |
_aPleasantville, NY : _bWeekly Reader Pub., _c2010. |
||
| 264 | 1 |
_aPleasantville, NY : _bWeekly Reader Pub., _c2010. |
|
| 300 |
_a24 pages : _bcolor illustrations ; _c19 cm. |
||
| 336 |
_atext _btxt _2rdacontent. |
||
| 337 |
_aunmediated _bn _2rdamedia. |
||
| 338 |
_avolume _bnc _2rdacarrier. |
||
| 385 |
_nage _aChildren _2lcdgt. |
||
| 490 | 1 |
_aAnimals that live in the mountains = _aAnimales de las montanas. |
|
| 490 | 1 | _aWR science. | |
| 504 | _aIncludes bibliographical references (page 23) and index. | ||
| 521 | _aFor English-language text: Levels: GR: G; DRA: 12; El: 11-12; Running word count: 218. | ||
| 546 | _aParallel text in English and Spanish. | ||
| 650 | 0 |
_aElk _0http://id.loc.gov/authorities/subjects/sh85042589 _vJuvenile literature. _0http://id.loc.gov/authorities/subjects/sh99001674. |
|
| 650 | 0 |
_aSpanish language materials _xBilingual _vJuvenile literature. |
|
| 800 | 1 |
_aMacken, JoAnn Early, _d1953- _tAnimals that live in the mountains. _0http://id.loc.gov/authorities/names/n2005071751. |
|
| 830 | 0 |
_aWR leveled reader. _pScience. _0http://id.loc.gov/authorities/names/no2008132995. |
|
| 942 |
_2ddc _cBK |
||
| 999 |
_c18998 _d18998 |
||